ミスタードーナツがある市区町村 - Statistics

General Stats
  • This quiz has been taken 7 times
  • The average score is 375 of 488
Answer Stats
area Answer % Correct
北海道 札幌市
100%
北海道 函館市
100%
北海道 小樽市
100%
北海道 旭川市
100%
北海道 釧路市
100%
北海道 稚内市
100%
青森県 青森市
100%
青森県 八戸市
100%
青森県 むつ市
100%
岩手県 盛岡市
100%
岩手県 宮古市
100%
岩手県 花巻市
100%
岩手県 釜石市
100%
岩手県 二戸市
100%
宮城県 仙台市
100%
宮城県 石巻市
100%
宮城県 名取市
100%
宮城県 登米市
100%
宮城県 大崎市
100%
秋田県 秋田市
100%
秋田県 大仙市
100%
山形県 山形市
100%
山形県 米沢市
100%
山形県 酒田市
100%
山形県 天童市
100%
福島県 福島市
100%
福島県 会津若松市
100%
福島県 郡山市
100%
福島県 いわき市
100%
福島県 白河市
100%
茨城県 水戸市
100%
茨城県 日立市
100%
茨城県 古河市
100%
茨城県 つくば市
100%
茨城県 守谷市
100%
栃木県 宇都宮市
100%
栃木県 足利市
100%
栃木県 佐野市
100%
栃木県 小山市
100%
栃木県 大田原市
100%
栃木県 さくら市
100%
群馬県 前橋市
100%
群馬県 高崎市
100%
群馬県 太田市
100%
埼玉県 さいたま市
100%
埼玉県 川越市
100%
埼玉県 熊谷市
100%
埼玉県 川口市
100%
埼玉県 秩父市
100%
埼玉県 所沢市
100%
埼玉県 春日部市
100%
埼玉県 羽生市
100%
埼玉県 草加市
100%
埼玉県 越谷市
100%
埼玉県 戸田市
100%
埼玉県 朝霞市
100%
埼玉県 志木市
100%
埼玉県 和光市
100%
埼玉県 新座市
100%
埼玉県 三郷市
100%
千葉県 千葉市
100%
千葉県 銚子市
100%
千葉県 市川市
100%
千葉県 船橋市
100%
千葉県 木更津市
100%
千葉県 松戸市
100%
千葉県 野田市
100%
千葉県 成田市
100%
千葉県 柏市
100%
千葉県 市原市
100%
千葉県 我孫子市
100%
東京都 中央区
100%
東京都 新宿区
100%
東京都 台東区
100%
東京都 墨田区
100%
東京都 江東区
100%
東京都 品川区
100%
東京都 大田区
100%
東京都 世田谷区
100%
東京都 中野区
100%
東京都 杉並区
100%
東京都 豊島区
100%
東京都 北区
100%
東京都 荒川区
100%
東京都 板橋区
100%
東京都 練馬区
100%
東京都 足立区
100%
東京都 葛飾区
100%
東京都 江戸川区
100%
東京都 八王子市
100%
東京都 立川市
100%
東京都 武蔵野市
100%
東京都 国分寺市
100%
東京都 東大和市
100%
東京都 東久留米市
100%
東京都 武蔵村山市
100%
東京都 多摩市
100%
東京都 羽村市
100%
東京都 日の出町
100%
神奈川県 横浜市
100%
神奈川県 川崎市
100%
神奈川県 相模原市
100%
神奈川県 横須賀市
100%
神奈川県 平塚市
100%
神奈川県 鎌倉市
100%
神奈川県 藤沢市
100%
神奈川県 小田原市
100%
神奈川県 茅ヶ崎市
100%
神奈川県 大和市
100%
神奈川県 海老名市
100%
新潟県 新潟市
100%
新潟県 長岡市
100%
新潟県 村上市
100%
新潟県 上越市
100%
富山県 富山市
100%
富山県 高岡市
100%
富山県 砺波市
100%
石川県 金沢市
100%
石川県 かほく市
100%
石川県 白山市
100%
福井県 福井市
100%
福井県 越前市
100%
福井県 坂井市
100%
長野県 長野市
100%
長野県 松本市
100%
長野県 上田市
100%
長野県 茅野市
100%
長野県 佐久市
100%
岐阜県 岐阜市
100%
岐阜県 大垣市
100%
岐阜県 瑞浪市
100%
岐阜県 土岐市
100%
岐阜県 各務原市
100%
静岡県 静岡市
100%
静岡県 浜松市
100%
静岡県 三島市
100%
静岡県 富士宮市
100%
静岡県 富士市
100%
静岡県 焼津市
100%
静岡県 掛川市
100%
愛知県 名古屋市
100%
愛知県 豊橋市
100%
愛知県 一宮市
100%
愛知県 春日井市
100%
愛知県 豊川市
100%
愛知県 安城市
100%
愛知県 小牧市
100%
愛知県 長久手市
100%
三重県 津市
100%
三重県 四日市市
100%
三重県 桑名市
100%
滋賀県 大津市
100%
滋賀県 彦根市
100%
滋賀県 近江八幡市
100%
京都府 京都市
100%
京都府 福知山市
100%
京都府 長岡京市
100%
京都府 京田辺市
100%
大阪府 大阪市
100%
大阪府 堺市
100%
大阪府 岸和田市
100%
大阪府 吹田市
100%
大阪府 枚方市
100%
大阪府 東大阪市
100%
大阪府 泉南市
100%
兵庫県 神戸市
100%
兵庫県 姫路市
100%
兵庫県 尼崎市
100%
兵庫県 明石市
100%
兵庫県 加古川市
100%
兵庫県 宝塚市
100%
兵庫県 淡路市
100%
奈良県 奈良市
100%
和歌山県 和歌山市
100%
鳥取県 鳥取市
100%
鳥取県 米子市
100%
島根県 松江市
100%
島根県 出雲市
100%
岡山県 岡山市
100%
岡山県 倉敷市
100%
岡山県 津山市
100%
広島県 広島市
100%
広島県 尾道市
100%
広島県 東広島市
100%
山口県 山口市
100%
山口県 下関市
100%
徳島県 徳島市
100%
香川県 高松市
100%
愛媛県 松山市
100%
高知県 高知市
100%
福岡県 福岡市
100%
福岡県 北九州市
100%
福岡県 大牟田市
100%
福岡県 久留米市
100%
福岡県 大野城市
100%
佐賀県 佐賀市
100%
佐賀県 鳥栖市
100%
長崎県 長崎市
100%
長崎県 諫早市
100%
熊本県 熊本市
100%
大分県 大分市
100%
大分県 別府市
100%
宮崎県 宮崎市
100%
宮崎県 都城市
100%
鹿児島県 鹿児島市
100%
鹿児島県 薩摩川内市
100%
沖縄県 那覇市
100%
沖縄県 宜野湾市
100%
沖縄県 石垣市
100%
沖縄県 名護市
100%
沖縄県 糸満市
100%
沖縄県 沖縄市
100%
沖縄県 宮古島市
100%
北海道 室蘭市
80%
北海道 帯広市
80%
北海道 岩見沢市
80%
北海道 苫小牧市
80%
北海道 江別市
80%
北海道 滝川市
80%
北海道 登別市
80%
北海道 北広島市
80%
北海道 石狩市
80%
青森県 弘前市
80%
青森県 つがる市
80%
宮城県 多賀城市
80%
宮城県 大河原町
80%
秋田県 横手市
80%
秋田県 大館市
80%
山形県 東根市
80%
茨城県 土浦市
80%
栃木県 鹿沼市
80%
栃木県 那須塩原市
80%
群馬県 伊勢崎市
80%
群馬県 吉岡町
80%
埼玉県 東松山市
80%
埼玉県 狭山市
80%
埼玉県 深谷市
80%
埼玉県 上尾市
80%
埼玉県 入間市
80%
埼玉県 桶川市
80%
埼玉県 久喜市
80%
埼玉県 富士見市
80%
埼玉県 蓮田市
80%
埼玉県 坂戸市
80%
埼玉県 ふじみ野市
80%
千葉県 習志野市
80%
千葉県 流山市
80%
千葉県 鎌ケ谷市
80%
千葉県 浦安市
80%
東京都 文京区
80%
東京都 府中市
80%
東京都 昭島市
80%
東京都 調布市
80%
東京都 町田市
80%
東京都 小平市
80%
東京都 清瀬市
80%
東京都 西東京市
80%
東京都 瑞穂町
80%
神奈川県 厚木市
80%
神奈川県 座間市
80%
新潟県 新発田市
80%
新潟県 燕市
80%
新潟県 佐渡市
80%
富山県 魚津市
80%
石川県 七尾市
80%
石川県 小松市
80%
石川県 野々市市
80%
石川県 津幡町
80%
山梨県 甲斐市
80%
山梨県 中央市
80%
山梨県 昭和町
80%
長野県 飯田市
80%
長野県 伊那市
80%
岐阜県 高山市
80%
岐阜県 羽島市
80%
静岡県 沼津市
80%
静岡県 島田市
80%
静岡県 磐田市
80%
静岡県 藤枝市
80%
静岡県 御殿場市
80%
愛知県 岡崎市
80%
愛知県 瀬戸市
80%
愛知県 半田市
80%
愛知県 豊田市
80%
愛知県 常滑市
80%
愛知県 稲沢市
80%
愛知県 東海市
80%
愛知県 知立市
80%
滋賀県 草津市
80%
滋賀県 東近江市
80%
大阪府 豊中市
80%
大阪府 池田市
80%
大阪府 泉大津市
80%
大阪府 高槻市
80%
大阪府 守口市
80%
大阪府 茨木市
80%
大阪府 泉佐野市
80%
大阪府 寝屋川市
80%
大阪府 河内長野市
80%
大阪府 和泉市
80%
大阪府 門真市
80%
大阪府 摂津市
80%
大阪府 四條畷市
80%
大阪府 大阪狭山市
80%
兵庫県 豊岡市
80%
兵庫県 川西市
80%
兵庫県 加西市
80%
奈良県 大和郡山市
80%
奈良県 橿原市
80%
和歌山県 御坊市
80%
和歌山県 田辺市
80%
広島県 呉市
80%
広島県 三原市
80%
広島県 福山市
80%
広島県 府中町
80%
山口県 宇部市
80%
山口県 柳井市
80%
山口県 山陽小野田市
80%
福岡県 飯塚市
80%
福岡県 筑紫野市
80%
熊本県 八代市
80%
熊本県 玉名市
80%
熊本県 天草市
80%
宮崎県 延岡市
80%
宮崎県 日向市
80%
鹿児島県 奄美市
80%
沖縄県 うるま市
80%
北海道 千歳市
60%
北海道 伊達市
60%
青森県 五所川原市
60%
岩手県 奥州市
60%
宮城県 塩釜市
60%
宮城県 利府町
60%
福島県 二本松市
60%
福島県 南相馬市
60%
茨城県 龍ケ崎市
60%
茨城県 ひたちなか市
60%
茨城県 稲敷市
60%
群馬県 桐生市
60%
群馬県 渋川市
60%
埼玉県 飯能市
60%
埼玉県 本庄市
60%
埼玉県 鴻巣市
60%
埼玉県 八潮市
60%
埼玉県 伊奈町
60%
千葉県 茂原市
60%
千葉県 四街道市
60%
千葉県 印西市
60%
東京都 日野市
60%
東京都 福生市
60%
神奈川県 秦野市
60%
新潟県 見附市
60%
福井県 敦賀市
60%
山梨県 富士河口湖町
60%
長野県 須坂市
60%
岐阜県 中津川市
60%
岐阜県 美濃加茂市
60%
岐阜県 可児市
60%
静岡県 袋井市
60%
静岡県 裾野市
60%
愛知県 刈谷市
60%
愛知県 蒲郡市
60%
三重県 伊勢市
60%
三重県 松阪市
60%
三重県 鈴鹿市
60%
三重県 伊賀市
60%
滋賀県 長浜市
60%
滋賀県 甲賀市
60%
京都府 舞鶴市
60%
京都府 亀岡市
60%
大阪府 富田林市
60%
大阪府 松原市
60%
大阪府 大東市
60%
大阪府 箕面市
60%
大阪府 藤井寺市
60%
大阪府 交野市
60%
兵庫県 西宮市
60%
奈良県 桜井市
60%
奈良県 生駒市
60%
和歌山県 橋本市
60%
和歌山県 新宮市
60%
岡山県 笠岡市
60%
広島県 廿日市市
60%
山口県 防府市
60%
香川県 丸亀市
60%
愛媛県 今治市
60%
愛媛県 新居浜市
60%
福岡県 大川市
60%
福岡県 春日市
60%
福岡県 うきは市
60%
福岡県 那珂川市
60%
福岡県 粕屋町
60%
佐賀県 武雄市
60%
長崎県 佐世保市
60%
長崎県 大村市
60%
長崎県 南島原市
60%
長崎県 時津町
60%
熊本県 荒尾市
60%
鹿児島県 鹿屋市
60%
鹿児島県 霧島市
60%
鹿児島県 姶良市
60%
沖縄県 浦添市
60%
沖縄県 北中城村
60%
北海道 北見市
40%
北海道 網走市
40%
北海道 名寄市
40%
北海道 中標津町
40%
青森県 おいらせ町
40%
宮城県 気仙沼市
40%
宮城県 富谷市
40%
山形県 三川町
40%
茨城県 茨城町
40%
茨城県 境町
40%
埼玉県 上里町
40%
千葉県 八千代市
40%
長野県 安曇野市
40%
岐阜県 関市
40%
岐阜県 本巣市
40%
静岡県 伊東市
40%
静岡県 清水町
40%
愛知県 津島市
40%
愛知県 清須市
40%
愛知県 みよし市
40%
愛知県 東浦町
40%
三重県 東員町
40%
三重県 明和町
40%
滋賀県 守山市
40%
京都府 久御山町
40%
大阪府 八尾市
40%
大阪府 高石市
40%
兵庫県 芦屋市
40%
兵庫県 三木市
40%
兵庫県 高砂市
40%
兵庫県 三田市
40%
奈良県 大和高田市
40%
広島県 大竹市
40%
広島県 坂町
40%
山口県 下松市
40%
徳島県 藍住町
40%
香川県 三豊市
40%
香川県 綾川町
40%
愛媛県 西予市
40%
高知県 香南市
40%
福岡県 直方市
40%
福岡県 行橋市
40%
福岡県 宗像市
40%
福岡県 福津市
40%
福岡県 朝倉市
40%
福岡県 志免町
40%
佐賀県 唐津市
40%
熊本県 宇土市
40%
熊本県 宇城市
40%
大分県 中津市
40%
沖縄県 北谷町
40%
沖縄県 南風原町
40%
北海道 東神楽町
20%
北海道 釧路町
20%
岩手県 水沢市
20%
茨城県 那珂市
20%
群馬県 千代田町
20%
東京都 小金井市
20%
福井県 小浜市
20%
静岡県 函南町
20%
愛知県 江南市
20%
愛知県 大府市
20%
愛知県 弥富市
20%
兵庫県 伊丹市
20%
兵庫県 猪名川町
20%
奈良県 王寺町
20%
徳島県 石井町
20%
徳島県 北島町
20%
愛媛県 東温市
20%
福岡県 八女市
20%
福岡県 小郡市
20%
福岡県 新宮町
20%
熊本県 嘉島町
20%
北海道 新ひだか町
0%
茨城県 結城市
0%
愛知県 西尾市
0%
愛知県 豊山町
0%
愛知県 扶桑町
0%
愛知県 阿久比町
0%
香川県 三木町
0%
愛媛県 松前町
0%
福岡県 久山町
0%
福岡県 遠賀町
0%
熊本県 菊陽町
0%
沖縄県 西原町
0%
No matching quizzes found
Score Distribution
Percent of People with Each Score
Percentile by Number Answered
Your Score History
You have not taken this quiz